Issues in natural resource regeneration (Record no. 613883)

MARC details
000 -LEADER
fixed length control field 00715nam a2200229Ia 4500
003 - CONTROL NUMBER IDENTIFIER
control field OSt
005 - DATE AND TIME OF LATEST TRANSACTION
control field 20220926005439.0
008 - FIXED-LENGTH DATA ELEMENTS--GENERAL INFORMATION
fixed length control field 220923b |||||||| |||| 00| 0 eng d
037 ## - SOURCE OF ACQUISITION
Terms of availability General Book
040 ## - CATALOGING SOURCE
Original cataloging agency RTL
Transcribing agency RTL
Language of cataloging eng
041 ## - LANGUAGE CODE
Source of code eng
Language code of text/sound track or separate title eng
245 #0 - TITLE STATEMENT
Title Issues in natural resource regeneration
Remainder of title Implicati
260 ## - PUBLICATION, DISTRIBUTION, ETC.
Place of publication, distribution, etc. New Delhi
Name of publisher, distributor, etc. SPWD
Date of publication, distribution, etc. 1998
300 ## - PHYSICAL DESCRIPTION
Extent 62p
Dimensions cm.
490 ## - SERIES STATEMENT
Series statement Workshop on Marginal Agriculture; 1. Society for Promotion of Wastelands Development Publication
650 ## - SUBJECT ADDED ENTRY--TOPICAL TERM
Topical term or geographic name entry element Agricultural Economics
942 ## - ADDED ENTRY ELEMENTS (KOHA)
Classification part X9(J):9-16.2.N9, N8
Koha item type General Books
Source of classification or shelving scheme Colon Classification (CC)

No items available.

Copyright @ Delhi University Library System